=LDR 00000nam 2200000 4500 =001 INLIS000000000016337 =005 20130612111619 =008 ***********************************Ind** =035 ##$$0010-061300000016337 =041 ##$$a Ind =082 ##$$a 330.07 =090 ##$$a 330.07, Pem p =245 ##$$a Pemandu pelajaran IPS ekonomi untuk SLTP, berdasarkan kurikulum pendidikan dasar 1994 GBPP SLTP =260 ##$$a 1996 $b Solo =300 ##$$a ...jil., 21 cm =650 ##$$a Ekonomi =650 ##$$a Studi dan pengajaran =850 ##$$a NBPNMAT =990 ##$$a 0001/BPAP-NTB/2016